<?xml version="1.0" encoding="UTF-8"?>
<record
    xmlns:xsi="http://www.w3.org/2001/XMLSchema-instance"
    xsi:schemaLocation="http://www.loc.gov/MARC21/slim http://www.loc.gov/standards/marcxml/schema/MARC21slim.xsd"
    xmlns="http://www.loc.gov/MARC21/slim">

  <leader>02076nam a22003737a 4500</leader>
  <controlfield tag="003">AR-RoUNCS</controlfield>
  <controlfield tag="005">20260608172228.0</controlfield>
  <controlfield tag="007">ta</controlfield>
  <controlfield tag="008">260608s2023    ag a|||| |||| 00| 0 spa d</controlfield>
  <datafield tag="020" ind1=" " ind2=" ">
    <subfield code="a">9789878210452</subfield>
  </datafield>
  <datafield tag="040" ind1=" " ind2=" ">
    <subfield code="a">AR-RoUNCS</subfield>
    <subfield code="b">spa</subfield>
    <subfield code="c">AR-RoUNCS</subfield>
  </datafield>
  <datafield tag="041" ind1=" " ind2=" ">
    <subfield code="a">spa</subfield>
  </datafield>
  <datafield tag="245" ind1="0" ind2="0">
    <subfield code="a">Lengua y literatura II : </subfield>
    <subfield code="b">[pr&#xE1;cticas del lenguaje] / </subfield>
    <subfield code="c">Tamara Agazzi ... [et al.].</subfield>
  </datafield>
  <datafield tag="260" ind1=" " ind2=" ">
    <subfield code="a">Ciudad Aut&#xF3;noma de Buenos Aires : </subfield>
    <subfield code="b">Edelvives,</subfield>
    <subfield code="c">c2023.</subfield>
  </datafield>
  <datafield tag="300" ind1=" " ind2=" ">
    <subfield code="a">224 p. ; </subfield>
    <subfield code="b">ils. ; </subfield>
    <subfield code="c">27 cm. + </subfield>
    <subfield code="e">1 cuadernillo de actividades (56 p. ; 27 cm.)</subfield>
  </datafield>
  <datafield tag="490" ind1="0" ind2=" ">
    <subfield code="a">Dimensi&#xF3;n paralela</subfield>
  </datafield>
  <datafield tag="505" ind1=" " ind2=" ">
    <subfield code="a">Bloque I: Literatura. </subfield>
    <subfield code="g">1. Una mirada po&#xE9;tica sobre la naturaleza -- 2. De bestias y criaturas fant&#xE1;sticas -- 3. Poner la mirada en lo real -- 4. Policiales al bies -- 5. Elige tu propia novela -- 6. Terror en escenarios y versos.</subfield>
  </datafield>
  <datafield tag="505" ind1=" " ind2=" ">
    <subfield code="a">Bloque II: Estudio, ciudadan&#xED;a y medios. </subfield>
    <subfield code="g">1. El testimonio oral, un texto narrativo -- 2. El art&#xED;culo de enciclopedia, un texto expositivo-explicativo. 3. La nota de opini&#xF3;n. Un texto argumentativo -- 4. La rese&#xF1;a. Un texto argumentativo.</subfield>
  </datafield>
  <datafield tag="505" ind1=" " ind2=" ">
    <subfield code="a">Bloque III: Herramientas de la lengua, uso y reflexi&#xF3;n.</subfield>
    <subfield code="g">0. Para empezar -- 1. La comunicaci&#xF3;n -- 2. Formaci&#xF3;n de palabras -- 3. Las palabras en los textos -- 4. Clases de palabras y construcciones -- 5. De la palabra a la oraci&#xF3;n -- 6. El sustantivo y la construcci&#xF3;n sustantiva -- 7. El adjetivo y la construcci&#xF3;n adjetiva -- 8. Los pronombres -- 9. El verbo -- 10. El adverbio y la construcci&#xF3;n adverbial -- 11. La construcci&#xF3;n verbal -- 12. Tipos de oraciones -- 13. El texto.</subfield>
  </datafield>
  <datafield tag="650" ind1=" " ind2="7">
    <subfield code="2">embne</subfield>
    <subfield code="a">Lengua espa&#xF1;ola </subfield>
  </datafield>
  <datafield tag="650" ind1=" " ind2="7">
    <subfield code="2">embne</subfield>
    <subfield code="a">G&#xE9;neros literarios</subfield>
  </datafield>
  <datafield tag="655" ind1=" " ind2="7">
    <subfield code="2">embne</subfield>
    <subfield code="a">Libros de texto</subfield>
  </datafield>
  <datafield tag="700" ind1="1" ind2=" ">
    <subfield code="a">Agazzi, Tamara</subfield>
  </datafield>
  <datafield tag="700" ind1="1" ind2=" ">
    <subfield code="a">Escandar, Patricia</subfield>
  </datafield>
  <datafield tag="700" ind1="1" ind2=" ">
    <subfield code="a">Lamanna Gui&#xF1;az&#xFA;, Dami&#xE1;n</subfield>
  </datafield>
  <datafield tag="700" ind1="1" ind2=" ">
    <subfield code="a">Lehmann, Graciela</subfield>
  </datafield>
  <datafield tag="700" ind1="1" ind2=" ">
    <subfield code="a">Mart&#xED;nez Cabrera, Mariel</subfield>
  </datafield>
  <datafield tag="700" ind1="1" ind2=" ">
    <subfield code="a">S&#xF3;limo, Laura</subfield>
  </datafield>
  <datafield tag="700" ind1="1" ind2=" ">
    <subfield code="a">Rovatti, Daniela</subfield>
  </datafield>
  <datafield tag="700" ind1="1" ind2=" ">
    <subfield code="a">Silva, Mar&#xED;a</subfield>
  </datafield>
  <datafield tag="700" ind1="1" ind2=" ">
    <subfield code="a">Palermo, Alejandro</subfield>
  </datafield>
  <datafield tag="700" ind1="1" ind2=" ">
    <subfield code="a">Miller, Ignacio</subfield>
  </datafield>
  <datafield tag="942" ind1=" " ind2=" ">
    <subfield code="2">udc</subfield>
    <subfield code="c">OG</subfield>
    <subfield code="n">0</subfield>
  </datafield>
  <datafield tag="999" ind1=" " ind2=" ">
    <subfield code="c">1043</subfield>
    <subfield code="d">1043</subfield>
  </datafield>
  <datafield tag="952" ind1=" " ind2=" ">
    <subfield code="0">0</subfield>
    <subfield code="1">0</subfield>
    <subfield code="2">udc</subfield>
    <subfield code="4">0</subfield>
    <subfield code="7">0</subfield>
    <subfield code="8">CG</subfield>
    <subfield code="a">ESOCIALES</subfield>
    <subfield code="b">ESOCIALES</subfield>
    <subfield code="d">2026-06-08</subfield>
    <subfield code="e">Donaci&#xF3;n 2026</subfield>
    <subfield code="l">0</subfield>
    <subfield code="o">80(07) L566</subfield>
    <subfield code="p">001529</subfield>
    <subfield code="r">2026-06-08 16:52:12</subfield>
    <subfield code="w">2026-06-08</subfield>
    <subfield code="y">OG</subfield>
  </datafield>
</record>
